[Event "BI-2013-P-00022"]
[Site "LSS email"]
[Date "2013.04.22"]
[Round "?"]
[White "Bergmann, Paulo Fernando Brit"]
[Black "Kratky, Josef"]
[Result "1-0"]
[WhiteElo "2043"]
[BlackElo "1145"]
[PlyCount "32"]
[EventDate "2013.04.25"]
[EventType "tourn (corr)"]
[EventRounds "12"]
[EventCountry "GER"]
[SourceTitle "Corr 2015"]
[Source "ChessBase"]
[SourceDate "2015.07.17"]
[SourceVersion "1"]
[SourceVersionDate "2015.07.17"]
[SourceQuality "1"]

1. d4 e6 2. c4 Nf6 3. g3 c5 4. d5 exd5 5. cxd5 d6 6. Nc3 g6 7. Bg2 Bg7 8. Nf3 0-0 9. 0-0 a6 10. a4 Bg4 11. Nd2 Re8 12. Nc4 Qc7 13. Bf4 Bf8 14. Bg5 Nbd7 15. f3 Bh5 16. Qd2 Ne5 1-0

[Event "BI-2013-P-00022"]
[Site "LSS email"]
[Date "2013.04.22"]
[Round "?"]
[White "Herzog, Klaus"]
[Black "Bergmann, Paulo Fernando Brit"]
[Result "1/2-1/2"]
[WhiteElo "1787"]
[BlackElo "2043"]
[PlyCount "113"]
[EventDate "2013.04.25"]
[EventType "tourn (corr)"]
[EventRounds "12"]
[EventCountry "GER"]
[SourceTitle "Telechess CBM 163"]
[Source "ChessBase"]
[SourceDate "2014.11.11"]
[SourceVersion "2"]
[SourceVersionDate "2014.11.11"]
[SourceQuality "1"]

1. d4 Nf6 2. c4 e6 3. Nc3 Bb4 4. f3 d5 5. a3 Bxc3+ 6. bxc3 c5 7. cxd5 Nxd5 8. dxc5 Qa5 9. e4 Nf6 10. Be3 0-0 11. Qb3 Qc7 12. Ne2 Nfd7 13. Nd4 Nxc5 14. Qc4 b6 15. Nb5 Qe7 16. Rd1 Nbd7 17. Be2 Ba6 18. 0-0 Ne5 19. Qb4 Nc6 20. Bxc5 bxc5 21. Qa4 Bb7 22. Nd6 Rad8 23. Nc4 Ba8 24. Rxd8 Rxd8 25. Rd1 Rxd1+ 26. Qxd1 f6 27. Kf2 h6 28. g3 Kf8 29. Qd3 Qc7 30. f4 e5 31. Ke3 exf4+ 32. gxf4 Nd8 33. e5 Qe7 34. Bf3 Bxf3 35. Kxf3 Nf7 36. Qf5 Qb7+ 37. Kg3 Qe7 38. Qc8+ Nd8 39. h4 fxe5 40. Nxe5 Qd6 41. Qd7 Qxd7 42. Nxd7+ Ke7 43. Nxc5 Kd6 44. Nb3 Nc6 45. Kf3 Kd5 46. Ke3 Kc4 47. Nd4 Nd8 48. f5 a5 49. Ne6 Nf7 50. Nxg7 Kxc3 51. f6 Kb3 52. Kd4 Kxa3 53. Kc3 Nd6 54. Ne8 Nf7 55. Nc7 Nd6 56. Kd4 Nf7 57. Ne6 1/2-1/2

[Event "BI-2013-P-00022"]
[Site "LSS email"]
[Date "2013.04.22"]
[Round "?"]
[White "Jacewicz, Grzegorz"]
[Black "Bergmann, Paulo Fernando Brit"]
[Result "1/2-1/2"]
[WhiteElo "2022"]
[BlackElo "2043"]
[PlyCount "38"]
[EventDate "2013.04.25"]
[EventType "tourn (corr)"]
[EventRounds "12"]
[EventCountry "GER"]
[SourceTitle "Corr 2015"]
[Source "ChessBase"]
[SourceDate "2015.07.17"]
[SourceVersion "1"]
[SourceVersionDate "2015.07.17"]
[SourceQuality "1"]

1. d4 d5 2. c4 dxc4 3. e4 Nf6 4. e5 Nd5 5. Bxc4 Nb6 6. Bb3 Nc6 7. Be3 Bf5 8. e6 Bxe6 9. Bxe6 fxe6 10. Nc3 g6 11. Nf3 Bg7 12. Qb3 Qd7 13. 0-0 Na5 14. Qc2 0-0 15. Rad1 Rf5 16. Rfe1 Nc6 17. a3 Raf8 18. Ne4 Qd5 19. Nc3 Qd7 1/2-1/2

[Event "BI-2012-F-00009"]
[Site "LSS email"]
[Date "2013.02.15"]
[Round "?"]
[White "Bergmann, Paulo Fernando Brit"]
[Black "Bottoni, Carlo"]
[Result "1/2-1/2"]
[WhiteElo "2053"]
[BlackElo "1764"]
[PlyCount "119"]
[EventDate "2013.02.20"]
[EventType "tourn (corr)"]
[EventRounds "10"]
[EventCountry "GER"]
[SourceTitle "Telechess CBM 161"]
[Source "ChessBase"]
[SourceDate "2014.07.16"]
[SourceVersion "1"]
[SourceVersionDate "2014.07.16"]
[SourceQuality "1"]

1. d4 d5 2. c4 c6 3. Nf3 Nf6 4. e3 e6 5. Nc3 Nbd7 6. Qc2 Bd6 7. Bd3 0-0 8. 0-0 dxc4 9. Bxc4 a6 10. Rd1 b5 11. Be2 Qc7 12. Ne4 Nxe4 13. Qxe4 Be7 14. Bd2 Bb7 15. Rac1 c5 16. Qb1 Qb6 17. dxc5 Nxc5 18. Bc3 Be4 19. Qa1 b4 20. Bd4 Rac8 21. Nd2 Bf5 22. b3 f6 23. e4 Bg6 24. Nc4 Qb5 25. f3 Qb8 26. e5 Rcd8 27. Kh1 Rd5 28. exf6 Bxf6 29. Bxf6 Rxd1+ 30. Rxd1 gxf6 31. Qd4 Qc7 32. Ne3 a5 33. Ng4 e5 34. Qe3 Nb7 35. Ba6 Nd6 36. Bd3 Bh5 37. Nxf6+ Rxf6 38. Qg5+ Qg7 39. Qxh5 Rh6 40. Qg4 Qxg4 41. fxg4 Kg7 42. Kg1 Nf7 43. Be4 Rd6 44. Rxd6 Nxd6 45. Bc6 Kf6 46. Kf2 Kg5 47. Kg3 h6 48. h4+ Kf6 49. Kf3 Ke6 50. Ke3 Kf6 51. Kd3 Kg7 52. Kc2 Nc8 53. Kb2 Ne7 54. Bf3 Ng6 55. g3 Ne7 56. a3 Nc8 57. a4 Nb6 58. Bc6 Kf6 59. Kc2 Nc8 60. Kd3 1/2-1/2

[Event "BI-2012-F-00009"]
[Site "LSS email"]
[Date "2013.02.15"]
[Round "?"]
[White "Bergmann, Paulo Fernando Brit"]
[Black "Markus, Roland"]
[Result "0-1"]
[WhiteElo "2053"]
[BlackElo "2232"]
[PlyCount "130"]
[EventDate "2013.02.20"]
[EventType "tourn (corr)"]
[EventRounds "10"]
[EventCountry "GER"]
[SourceTitle "Telechess CBM 161"]
[Source "ChessBase"]
[SourceDate "2014.07.16"]
[SourceVersion "1"]
[SourceVersionDate "2014.07.16"]
[SourceQuality "1"]

1. d4 Nf6 2. Nf3 d5 3. c4 e6 4. Nc3 Nbd7 5. Bg5 c6 6. cxd5 exd5 7. e3 Be7 8. Qc2 Nh5 9. Bxe7 Qxe7 10. 0-0-0 Nb6 11. h3 Nf6 12. Bd3 Be6 13. Kb1 0-0-0 14. Nd2 Ne8 15. Nb3 Nd6 16. Nc5 Qg5 17. f4 Qf6 18. g4 Kb8 19. f5 Bc8 20. Qh2 Rhe8 21. Rde1 Ka8 22. Qf4 g6 23. g5 Qe7 24. f6 Qc7 25. h4 Nbc4 26. h5 Qb6 27. Qf2 Qb4 28. Ka1 b6 29. Nb3 Bf5 30. Nc1 Qa5 31. Nb3 Qb4 32. Nc1 Qa5 33. Nb3 Qa6 34. Bf1 Qc8 35. Bxc4 Nxc4 36. Nd2 Nxd2 37. Qxd2 gxh5 38. Rxh5 Bg6 39. Rh2 Qg4 40. Rg2 Qf3 41. Qf2 Qxf2 42. Rxf2 c5 43. Rd2 cxd4 44. Rxd4 Re5 45. Rg1 Kb7 46. Rg3 Rde8 47. b3 Kc6 48. b4 Rf5 49. Rd1 Ree5 50. Rc1 Kd7 51. Rcg1 Rf2 52. Rd1 Ke6 53. Nb5 a6 54. Nd4+ Kd6 55. Rh1 Re4 56. b5 a5 57. Rhg1 a4 58. a3 Rh4 59. R3g2 Rxg2 60. Rxg2 Rh3 61. Nc2 Be4 62. Rf2 Rh5 63. Kb2 Rxg5 64. Nd4 h5 65. Kc3 Rg2 0-1

[Event "BI-2012-F-00009"]
[Site "LSS email"]
[Date "2013.02.15"]
[Round "?"]
[White "Bergmann, Paulo Fernando Brit"]
[Black "Tylecek, Drahomir"]
[Result "1-0"]
[WhiteElo "2053"]
[BlackElo "1901"]
[PlyCount "65"]
[EventDate "2013.02.20"]
[EventType "tourn (corr)"]
[EventRounds "10"]
[EventCountry "GER"]
[SourceTitle "Telechess CBM 161"]
[Source "ChessBase"]
[SourceDate "2014.07.16"]
[SourceVersion "1"]
[SourceVersionDate "2014.07.16"]
[SourceQuality "1"]

1. d4 Nf6 2. Nf3 d5 3. c4 c6 4. e3 e6 5. Nc3 Bd6 6. Qc2 Nbd7 7. Bd3 0-0 8. 0-0 dxc4 9. Bxc4 e5 10. h3 exd4 11. exd4 Nb6 12. Bb3 Nbd5 13. Bg5 Nxc3 14. bxc3 Qa5 15. Bxf6 gxf6 16. d5 cxd5 17. Qd3 Rd8 18. Bc2 f5 19. Rfe1 Qa6 20. Qd2 Bc7 21. Re7 Bd7 22. Rae1 Qd6 23. c4 h6 24. c5 Qf6 25. Bb3 Rac8 26. Qxd5 Be6 27. R7xe6 fxe6 28. Qxb7 Kh8 29. Qa6 Re8 30. Ba4 Kg7 31. Bxe8 Rxe8 32. Qxa7 Re7 33. Qa3 1-0

[Event "BI-2012-F-00009"]
[Site "LSS email"]
[Date "2013.02.15"]
[Round "?"]
[White "Husemann, Andreas"]
[Black "Bergmann, Paulo Fernando Brit"]
[Result "1/2-1/2"]
[WhiteElo "2091"]
[BlackElo "2053"]
[PlyCount "59"]
[EventDate "2013.02.20"]
[EventType "tourn (corr)"]
[EventRounds "10"]
[EventCountry "GER"]
[SourceTitle "Telechess CBM 161"]
[Source "ChessBase"]
[SourceDate "2014.07.16"]
[SourceVersion "1"]
[SourceVersionDate "2014.07.16"]
[SourceQuality "1"]

1. d4 d5 2. c4 dxc4 3. Nf3 Nf6 4. e3 e6 5. Bxc4 c5 6. 0-0 a6 7. Bb3 cxd4 8. exd4 Be7 9. Nc3 0-0 10. Qe2 Nc6 11. Rd1 Na5 12. Bc2 b5 13. Bg5 Bb7 14. Ne5 Rc8 15. Rd3 b4 16. Na4 Nc6 17. Bb3 Nd5 18. Nxf7 Kxf7 19. Nc5 Nxd4 20. Qh5+ Kg8 21. Nxb7 Qb6 22. Bxd5 Bxg5 23. Be4 Bh6 24. Rad1 Nb3 25. Qh4 Rc2 26. Rf3 Rd2 27. Rxd2 Nxd2 28. Bxh7+ Kxh7 29. Rxf8 Qc7 30. h3 1/2-1/2

[Event "CP-2011-Q-00008"]
[Site "LSS email"]
[Date "2013.01.14"]
[Round "?"]
[White "Bergmann, Paulo Fernando Brit"]
[Black "Saganauer, Richard"]
[Result "1-0"]
[WhiteElo "2044"]
[BlackElo "1820"]
[PlyCount "57"]
[EventDate "2013.01.20"]
[EventType "tourn (corr)"]
[EventRounds "6"]
[EventCountry "GER"]
[SourceTitle "Telechess CBM 167"]
[Source "ChessBase"]
[SourceDate "2015.07.13"]
[SourceVersion "1"]
[SourceVersionDate "2015.07.13"]
[SourceQuality "1"]

1. d4 d5 2. c4 c6 3. Nc3 Nf6 4. Bg5 dxc4 5. e4 b5 6. e5 Nd5 7. a4 b4 8. Ne4 f6 9. Bc1 c3 10. bxc3 bxc3 11. Bc4 f5 12. Ng5 e6 13. Ne2 h6 14. Nh3 Bb4 15. Qb3 a5 16. Nhf4 Kf7 17. g4 g5 18. Nxd5 cxd5 19. Bb5 fxg4 20. 0-0 Rf8 21. Nxc3 Kg7 22. Be3 Ba6 23. Rfc1 Rf3 24. Rc2 Nd7 25. Rac1 Bxb5 26. Nxb5 Rb8 27. Qd3 Nf8 28. Rc6 Kh8 29. Nc7 1-0

[Event "CP-2011-Q-00008"]
[Site "LSS email"]
[Date "2013.01.14"]
[Round "?"]
[White "Chukanov, Igor Anatolievich"]
[Black "Bergmann, Paulo Fernando Brit"]
[Result "1-0"]
[WhiteElo "2251"]
[BlackElo "2044"]
[PlyCount "99"]
[EventDate "2013.01.20"]
[EventType "tourn (corr)"]
[EventRounds "6"]
[EventCountry "GER"]
[SourceTitle "Telechess CBM 167"]
[Source "ChessBase"]
[SourceDate "2015.07.13"]
[SourceVersion "1"]
[SourceVersionDate "2015.07.13"]
[SourceQuality "1"]

1. e4 e6 2. d4 d5 3. Nc3 dxe4 4. Nxe4 Nd7 5. Nf3 Ngf6 6. Nxf6+ Nxf6 7. c3 c5 8. Ne5 a6 9. Be3 Qc7 10. Qa4+ Nd7 11. Bb5 cxd4 12. Bxd7+ Bxd7 13. Qxd4 Bb5 14. a4 Bd6 15. Nxf7 Kxf7 16. axb5 axb5 17. Ke2 Rhd8 18. Qg4 b4 19. Rxa8 Rxa8 20. Rc1 Qc6 21. cxb4 Qb5+ 22. Qc4 Qe5 23. Rc3 Ra4 24. Rb3 Ra2 25. Kd1 b5 26. Qd3 Qxh2 27. Qxb5 Ra1+ 28. Kc2 Qxg2 29. Rd3 Be7 30. Rd7 Qe4+ 31. Kb3 Qa8 32. Qb7 Qxb7 33. Rxb7 Ke8 34. b5 Bf6 35. Kb4 Rb1 36. b3 h5 37. b6 h4 38. Ra7 Be5 39. Ra8+ Kd7 40. Rh8 Bd6+ 41. Kc3 Kc6 42. Rxh4 Rg1 43. b4 e5 44. Rc4+ Kb7 45. Kc2 Bb8 46. Rh4 Bd6 47. Bc5 Bxc5 48. bxc5 Rg2 49. Rh8 Rxf2+ 50. Kb3 1-0

[Event "RA-2012-0-00249"]
[Site "LSS email"]
[Date "2012.12.10"]
[Round "?"]
[White "Bergmann, Paulo Fernando Brit"]
[Black "Buchaillot, Luis Mario"]
[Result "1-0"]
[WhiteElo "2062"]
[BlackElo "1889"]
[PlyCount "57"]
[EventDate "2012.10.31"]
[EventType "tourn (corr)"]
[EventRounds "6"]
[EventCountry "GER"]
[SourceTitle "Telechess CBM 163"]
[Source "ChessBase"]
[SourceDate "2014.11.11"]
[SourceVersion "2"]
[SourceVersionDate "2014.11.11"]
[SourceQuality "1"]

1. d4 d5 2. c4 dxc4 3. Nf3 Nf6 4. e3 e6 5. Bxc4 c5 6. 0-0 Nc6 7. Qe2 cxd4 8. Rd1 Bd6 9. exd4 0-0 10. Nc3 Nd5 11. Bg5 Nxc3 12. bxc3 Qc7 13. Bd3 e5 14. Re1 exd4 15. cxd4 Bd7 16. Qe4 g6 17. Qh4 Nb4 18. Bf6 Rfc8 19. Be4 Re8 20. Rac1 Qa5 21. Ne5 Rxe5 22. dxe5 Bf8 23. Rcd1 Be6 24. f4 Qc5+ 25. Kh1 Bxa2 26. f5 Nd5 27. fxg6 fxg6 28. Bxg6 Nxf6 29. Rd7 1-0

[Event "SA-2012-0-00286"]
[Site "LSS email"]
[Date "2012.08.01"]
[Round "?"]
[White "Bergmann, Paulo Fernando Brit"]
[Black "Kolanek, Roman"]
[Result "1-0"]
[WhiteElo "2062"]
[BlackElo "2089"]
[PlyCount "127"]
[EventDate "2012.07.23"]
[EventType "tourn (corr)"]
[EventRounds "6"]
[EventCountry "GER"]
[SourceTitle "Telechess CBM 165"]
[Source "ChessBase"]
[SourceDate "2015.03.11"]
[SourceVersion "1"]
[SourceVersionDate "2015.03.11"]
[SourceQuality "1"]

1. d4 d5 2. c4 Nf6 3. cxd5 e6 4. dxe6 Bxe6 5. Nc3 c5 6. Nf3 Nc6 7. e3 Be7 8. Be2 0-0 9. 0-0 cxd4 10. Nxd4 Nxd4 11. exd4 Rc8 12. Bf3 Nd5 13. Bd2 Rc4 14. Nxd5 Bxd5 15. Bc3 Bf6 16. Qd3 b5 17. b3 Rc8 18. Bb4 Bxf3 19. Qxf3 Re8 20. Rad1 a5 21. Bc5 b4 22. Qd3 h5 23. Qb5 g6 24. h3 Re6 25. d5 Re4 26. Qd3 Re5 27. Be3 Qd7 28. Qa6 Bd8 29. Rd2 Rf5 30. Re1 Kh7 31. d6 Re5 32. Red1 Rc6 33. Qa7 Qxa7 34. Bxa7 Kg8 35. d7 f6 36. g4 Kf7 37. Kg2 h4 38. f4 Ree6 39. f5 gxf5 40. gxf5 Re5 41. Bf2 Rxf5 42. Bxh4 Rh5 43. Bg3 Rc3 44. h4 Rh8 45. Rd3 Rh7 46. Rxc3 bxc3 47. Be1 f5 48. Rd4 c2 49. Rc4 Kg6 50. Rxc2 Re7 51. Bc3 Rxd7 52. Rd2 Rxd2+ 53. Bxd2 Kh5 54. Kh3 f4 55. Bxf4 Bxh4 56. Bd2 Bd8 57. Kg3 Kg6 58. Kg4 Bb6 59. Bg5 Bf2 60. Kf3 Be1 61. Ke2 Kxg5 62. Kxe1 Kf4 63. Kd2 Ke4 64. a3 1-0

[Event "SA-2012-0-00286"]
[Site "LSS email"]
[Date "2012.07.31"]
[Round "?"]
[White "Bergmann, Paulo Fernando Brit"]
[Black "Geiger, Walter"]
[Result "1/2-1/2"]
[WhiteElo "2062"]
[BlackElo "2075"]
[PlyCount "125"]
[EventDate "2012.07.23"]
[EventType "tourn (corr)"]
[EventRounds "6"]
[EventCountry "GER"]
[SourceTitle "Telechess CBM 165"]
[Source "ChessBase"]
[SourceDate "2015.03.11"]
[SourceVersion "1"]
[SourceVersionDate "2015.03.11"]
[SourceQuality "1"]

1. d4 Nf6 2. Nf3 d5 3. g3 c6 4. Bg2 Bf5 5. 0-0 Nbd7 6. Nbd2 h6 7. c4 e6 8. b3 Be7 9. Bb2 a5 10. a4 0-0 11. Ne5 Nxe5 12. dxe5 Ne4 13. Nxe4 dxe4 14. Qd4 Qxd4 15. Bxd4 Bb4 16. Rfd1 c5 17. Be3 Rfd8 18. h3 Kf8 19. g4 Bh7 20. h4 Ke7 21. h5 b6 22. g5 hxg5 23. Bxg5+ f6 24. Bf4 Bc3 25. exf6+ Bxf6 26. Rac1 e5 27. Bg3 Bf5 28. f4 exf3 29. Bxf3 e4 30. Bg2 Rxd1+ 31. Rxd1 Bd4+ 32. Bf2 Rd8 33. Kf1 Rd7 34. e3 Bc3 35. Bh4+ Ke8 36. Rxd7 Kxd7 37. Bg3 Bg4 38. Bxe4 Bd1 39. Bf5+ Kd8 40. Bh4+ Ke8 41. Bg3 Bxb3 42. Ke2 Bxc4+ 43. Bd3 Bb3 44. Bb5+ Kd8 45. Bf4 Bf6 46. e4 Bf7 47. h6 gxh6 48. Bxh6 Be5 49. Kd3 Bb3 50. Be3 Kc7 51. Bd2 c4+ 52. Bxc4 Bxa4 53. Bc3 Kd6 54. Bd4 Bxd4 55. Kxd4 Bc6 56. e5+ Ke7 57. Kc3 Be4 58. Kd4 Bf5 59. Bb5 Bd7 60. Bd3 Be6 61. Bb5 Bb3 62. Kc3 Ba2 63. Kd4 1/2-1/2

[Event "SA-2012-0-00266"]
[Site "LSS email"]
[Date "2012.05.24"]
[Round "?"]
[White "Bergmann, Paulo Fernando Brit"]
[Black "Sherwood, Russell"]
[Result "1/2-1/2"]
[WhiteElo "2053"]
[BlackElo "2179"]
[PlyCount "105"]
[EventDate "2012.05.06"]
[EventType "tourn (corr)"]
[EventRounds "6"]
[EventCountry "GER"]
[SourceTitle "Telechess CBM 161"]
[Source "ChessBase"]
[SourceDate "2014.07.16"]
[SourceVersion "1"]
[SourceVersionDate "2014.07.16"]
[SourceQuality "1"]

1. d4 d5 2. c4 c6 3. Nf3 Nf6 4. e3 Bf5 5. Nc3 e6 6. Nh4 Bg6 7. Be2 Nbd7 8. 0-0 Bd6 9. g3 0-0 10. Nxg6 hxg6 11. Qb3 Rb8 12. Rd1 Qe7 13. Qc2 dxc4 14. Bxc4 Nb6 15. Bb3 Rbc8 16. e4 e5 17. dxe5 Bxe5 18. f3 c5 19. Qe2 c4 20. Bc2 Rfd8 21. Kg2 Rxd1 22. Bxd1 a6 23. Be3 Nbd7 24. Qc2 Nc5 25. Be2 b5 26. Rd1 Qe6 27. Rd2 Kh7 28. Qd1 Nd3 29. Bxd3 cxd3 30. Rxd3 Bxc3 31. bxc3 Qxa2+ 32. Rd2 Qc4 33. Bd4 Nd7 34. Bxg7 Kxg7 35. Rxd7 a5 36. Ra7 Qa2+ 37. Kh3 Qe6+ 38. Kg2 a4 39. Qd4+ Kg8 40. h4 Qa2+ 41. Kh3 Qc4 42. Qf6 Rf8 43. Kg4 Qc5 44. Rd7 Qh5+ 45. Kh3 Qh8 46. Qc6 Qe5 47. Rd5 Qe6+ 48. Qxe6 fxe6 49. Rxb5 Rxf3 50. Ra5 Rxc3 51. Rxa4 Kg7 52. Kg4 e5 53. Ra5 1/2-1/2

[Event "SA-2012-0-00266"]
[Site "LSS email"]
[Date "2012.05.24"]
[Round "?"]
[White "Morcin, Tom"]
[Black "Bergmann, Paulo Fernando Brit"]
[Result "1/2-1/2"]
[WhiteElo "2115"]
[BlackElo "2053"]
[PlyCount "84"]
[EventDate "2012.05.06"]
[EventType "tourn (corr)"]
[EventRounds "6"]
[EventCountry "GER"]
[SourceTitle "Telechess CBM 161"]
[Source "ChessBase"]
[SourceDate "2014.07.16"]
[SourceVersion "1"]
[SourceVersionDate "2014.07.16"]
[SourceQuality "1"]

1. d4 d5 2. c4 dxc4 3. Nf3 Nf6 4. e3 e6 5. Bxc4 c5 6. 0-0 a6 7. dxc5 Qxd1 8. Rxd1 Bxc5 9. Be2 Nbd7 10. Nbd2 b6 11. Nc4 Bb7 12. Nd4 Bd5 13. a4 0-0 14. b3 Rac8 15. Bb2 Rc7 16. Kf1 e5 17. Nf5 Be6 18. Ng3 a5 19. Rdc1 Re8 20. Nxe5 Bxb3 21. Nxd7 Nxd7 22. Bb5 Rec8 23. Ne4 Be6 24. Nxc5 Rxc5 25. Rd1 Rc2 26. Bxg7 Kxg7 27. Bxd7 Bxd7 28. Rxd7 R8c5 29. Rd4 Rf5 30. Rf4 Rxf4 31. exf4 h5 32. Rb1 Ra2 33. g3 Rxa4 34. Rxb6 Ra2 35. Ra6 a4 36. Kg2 a3 37. Kf3 Ra1 38. Ke4 Ra2 39. h3 Rxf2 40. Rxa3 Rh2 41. g4 hxg4 42. hxg4 Rg2 1/2-1/2

[Event "SA-2012-0-00260"]
[Site "LSS email"]
[Date "2012.04.29"]
[Round "?"]
[White "Van Gysel, Marc"]
[Black "Bergmann, Paulo Fernando Brit"]
[Result "1/2-1/2"]
[WhiteElo "1984"]
[BlackElo "2013"]
[PlyCount "61"]
[EventDate "2012.04.08"]
[EventType "tourn (corr)"]
[EventRounds "6"]
[EventCountry "GER"]
[SourceTitle "Telechess CBM 155"]
[Source "ChessBase"]
[SourceDate "2013.07.16"]
[SourceVersion "1"]
[SourceVersionDate "2013.07.16"]
[SourceQuality "1"]

1. d4 d5 2. Nf3 Nf6 3. c4 dxc4 4. Qa4+ c6 5. Qxc4 Bg4 6. Nc3 Nbd7 7. e4 Bxf3 8. gxf3 e5 9. Be3 Bd6 10. 0-0-0 0-0 11. Kb1 Qc7 12. Ne2 exd4 13. Nxd4 Bf4 14. h4 Bxe3 15. fxe3 g6 16. Be2 Rad8 17. Rdg1 Qe5 18. Qb3 c5 19. Nf5 Kh8 20. Nh6 Qe7 21. Qxb7 Rb8 22. Qc7 Nxe4 23. fxe4 Qxe4+ 24. Ka1 Rxb2 25. Qxd7 Qe5 26. Ng4 Qc3 27. Qd3 Rb1+ 28. Kxb1 Rb8+ 29. Qb5 Rxb5+ 30. Bxb5 Qb4+ 31. Kc1 1/2-1/2

[Event "BI-2012-P-00021"]
[Site "LSS email"]
[Date "2012.04.20"]
[Round "?"]
[White "Bergmann, Paulo Fernando Brit"]
[Black "Ulasevich, Sergei"]
[Result "1/2-1/2"]
[WhiteElo "2062"]
[BlackElo "2299"]
[PlyCount "42"]
[EventDate "2012.04.22"]
[EventType "tourn (corr)"]
[EventRounds "10"]
[EventCountry "GER"]
[SourceTitle "Telechess CBM 165"]
[Source "ChessBase"]
[SourceDate "2015.03.11"]
[SourceVersion "1"]
[SourceVersionDate "2015.03.11"]
[SourceQuality "1"]

1. d4 Nf6 2. Nf3 g6 3. g3 Bg7 4. Bg2 0-0 5. 0-0 d6 6. c4 c6 7. Nc3 Qb6 8. b3 e5 9. dxe5 dxe5 10. e4 Nbd7 11. Qc2 Qc7 12. Rd1 Re8 13. h3 b6 14. Be3 Nf8 15. c5 Ne6 16. Na4 Nd7 17. Rac1 bxc5 18. Nxc5 Ndxc5 19. Bxc5 Nxc5 20. Qxc5 Bb7 21. Bf1 Bf8 1/2-1/2

[Event "BI-2011-F-00014"]
[Site "LSS email"]
[Date "2012.02.12"]
[Round "?"]
[White "Bergmann, Paulo Fernando Brit"]
[Black "Wisham, Clyde"]
[Result "1-0"]
[WhiteElo "2062"]
[BlackElo "1840"]
[PlyCount "69"]
[EventDate "2012.02.15"]
[EventType "tourn (corr)"]
[EventRounds "10"]
[EventCountry "GER"]
[SourceTitle "Telechess CBM 165"]
[Source "ChessBase"]
[SourceDate "2015.03.11"]
[SourceVersion "1"]
[SourceVersionDate "2015.03.11"]
[SourceQuality "1"]

1. d4 Nf6 2. Nf3 g6 3. g3 Bg7 4. Bg2 0-0 5. 0-0 c6 6. c4 d5 7. Qb3 dxc4 8. Qxc4 Qb6 9. Nc3 Be6 10. Qd3 Rd8 11. e4 Na6 12. Rd1 Ne8 13. Bg5 Bg4 14. Bxe7 Rd7 15. Bg5 Qxb2 16. Rab1 Qa3 17. Qe3 h6 18. Bxh6 Bxh6 19. Qxh6 Bxf3 20. Rb3 Qxb3 21. axb3 Bxd1 22. Nxd1 Rxd4 23. Ne3 Nc5 24. h4 Ne6 25. h5 gxh5 26. Nf5 Rd1+ 27. Kh2 N6g7 28. Qg5 f6 29. Qg6 Kf8 30. Nh6 Rd7 31. Bh3 Rc7 32. Qh7 Ke7 33. Qg8 b5 34. Qf7+ Kd8 35. Qf8 1-0

[Event "BI-2011-F-00014"]
[Site "LSS email"]
[Date "2012.02.12"]
[Round "?"]
[White "Milde, Lars"]
[Black "Bergmann, Paulo Fernando Brit"]
[Result "0-1"]
[WhiteElo "1898"]
[BlackElo "2062"]
[PlyCount "50"]
[EventDate "2012.02.15"]
[EventType "tourn (corr)"]
[EventRounds "10"]
[EventCountry "GER"]
[SourceTitle "Telechess CBM 165"]
[Source "ChessBase"]
[SourceDate "2015.03.11"]
[SourceVersion "1"]
[SourceVersionDate "2015.03.11"]
[SourceQuality "1"]

1. e4 e6 2. d4 d5 3. Nc3 dxe4 4. Nxe4 Nd7 5. Nf3 Ngf6 6. Nxf6+ Nxf6 7. Bd3 c5 8. dxc5 Bxc5 9. Bg5 h6 10. Bh4 0-0 11. Qd2 b6 12. 0-0-0 Bb7 13. Ne5 Be7 14. a3 Qc7 15. Qe2 Bd5 16. f4 b5 17. f5 b4 18. axb4 a5 19. b5 a4 20. Kb1 a3 21. c4 axb2 22. fxe6 Ne4 23. Bxe4 Qa7 24. Kc2 b1Q+ 25. Rxb1 Qd4 0-1

[Event "SB-2012-0-00210"]
[Site "LSS email"]
[Date "2012.02.08"]
[Round "?"]
[White "Bergmann, Paulo Fernando Brit"]
[Black "Kroes, Friso"]
[Result "1/2-1/2"]
[WhiteElo "2067"]
[BlackElo "1682"]
[PlyCount "61"]
[EventDate "2012.01.19"]
[EventType "tourn (corr)"]
[EventRounds "6"]
[EventCountry "GER"]
[SourceTitle "Telechess CBM 159"]
[Source "ChessBase"]
[SourceDate "2014.03.17"]
[SourceVersion "1"]
[SourceVersionDate "2014.03.17"]
[SourceQuality "1"]

1. d4 d5 2. c4 c6 3. Nf3 Nf6 4. Nc3 e6 5. e3 Nbd7 6. Qc2 Bd6 7. Bd3 0-0 8. 0-0 dxc4 9. Bxc4 e5 10. h3 a6 11. a4 exd4 12. exd4 Nb6 13. Bb3 Nbd5 14. Bg5 Qa5 15. Rfe1 Nxc3 16. bxc3 Bf5 17. Qc1 Rfe8 18. Bxf6 gxf6 19. Qb2 Bg6 20. Bc2 Rxe1+ 21. Rxe1 b5 22. Ra1 Qc7 23. Nh4 Re8 24. Qb3 Qe7 25. Rf1 Qe6 26. Qb1 Bf4 27. Nxg6 hxg6 28. Bb3 Qe4 29. Qa2 Re7 30. axb5 axb5 31. g3 1/2-1/2

[Event "SB-2012-0-00210"]
[Site "LSS email"]
[Date "2012.02.08"]
[Round "?"]
[White "Vodicka, Milan"]
[Black "Bergmann, Paulo Fernando Brit"]
[Result "1/2-1/2"]
[WhiteElo "1950"]
[BlackElo "2067"]
[PlyCount "77"]
[EventDate "2012.01.19"]
[EventType "tourn (corr)"]
[EventRounds "6"]
[EventCountry "GER"]
[SourceTitle "Telechess CBM 159"]
[Source "ChessBase"]
[SourceDate "2014.03.17"]
[SourceVersion "1"]
[SourceVersionDate "2014.03.17"]
[SourceQuality "1"]

1. d4 d5 2. c4 dxc4 3. Nf3 Nf6 4. e3 e6 5. Bxc4 c5 6. 0-0 a6 7. Qe2 b5 8. Bb3 Bb7 9. Rd1 Nbd7 10. e4 cxd4 11. e5 Bxf3 12. gxf3 Nh5 13. f4 Qh4 14. Rxd4 Bc5 15. Re4 Ba7 16. Nc3 Nc5 17. f5 Nxe4 18. Nxe4 0-0 19. Qf3 h6 20. Nd6 Kh7 21. Bd2 Rad8 22. Bc2 Kg8 23. Re1 Nf6 24. exf6 Rxd6 25. Bf4 e5 26. fxg7 Qxf2+ 27. Qxf2 Bxf2+ 28. Kxf2 Rc8 29. Bxe5 Rxc2+ 30. Kf3 Rd3+ 31. Kf4 Rd8 32. f6 Re8 33. Rd1 Re2 34. Rd5 Rxh2 35. Rd7 Rf2+ 36. Kg3 Rf5 37. Bd4 b4 38. Re7 Rd8 39. Be5 1/2-1/2

[Event "SB-2011-0-00196"]
[Site "LSS email"]
[Date "2011.12.10"]
[Round "?"]
[White "Bergmann, Paulo Fernando Brit"]
[Black "Herzog, Klaus"]
[Result "1/2-1/2"]
[WhiteElo "2013"]
[BlackElo "1841"]
[PlyCount "60"]
[EventDate "2011.11.16"]
[EventType "tourn (corr)"]
[EventRounds "6"]
[EventCountry "GER"]
[SourceTitle "Telechess CBM 155"]
[Source "ChessBase"]
[SourceDate "2013.07.16"]
[SourceVersion "1"]
[SourceVersionDate "2013.07.16"]
[SourceQuality "1"]

1. d4 Nf6 2. Nf3 g6 3. g3 Bg7 4. Bg2 0-0 5. 0-0 d6 6. c4 Nbd7 7. Nc3 e5 8. e4 exd4 9. Nxd4 Re8 10. h3 Nc5 11. Re1 a5 12. Rb1 a4 13. b4 axb3 14. axb3 c6 15. b4 Ne6 16. Nde2 Nd7 17. Be3 h5 18. f4 h4 19. g4 g5 20. f5 Nf4 21. Qxd6 Ne5 22. Qxd8 Rxd8 23. Red1 Rxd1+ 24. Rxd1 Nxc4 25. Bxf4 gxf4 26. Rd8+ Kh7 27. g5 Be5 28. Bf3 Bd6 29. Kg2 Bxb4 30. e5 Ne3+ 1/2-1/2